Представление документа в формате RUSMARC

ПолеНазваниеЗначение
  Тип записи a
  Библиографический уровень a
001 Контрольный номер RU/CBS_UL/BASE/6fd5960fd0cf4508bfa1d1bab56ef1cf
005 Дата корректировки 20240822152803.8
100 Данные общей обработки __
a Данные общей обработки 20240822 ||| 0rusy0189 ca
101 Язык документа 0_
a Язык текста rus
102 Страна публикации __
a Страна публикации RU
200 Заглавие и сведения об ответственности 1_
a Заглавие Колеус - цветок-радуга
e Сведения, относящиеся к заглавию [выращивание колеуса на даче]
f Первые сведения об ответственности Ю. Стародубова
300 Общие примечания __
a Общие примечания 12+
461 Уровень набора _0
1 2000
a Дачный клуб
463 Уровень физической единицы _0
1 2000
a № 5
v С. 40-45 : фото
1 2101
d 2024
1 001RU/CBS_UL/BASE/67a6bdcb4238487ea9b36ae3a75ac975
606 Тематические рубрики 0_
a Основная рубрика Колеусы - Выращивание
610 Ключевые слова 0_
a Ключевые слова цветы
610 Ключевые слова 0_
a Ключевые слова выращивание цветов
610 Ключевые слова 0_
a Ключевые слова колеусы
610 Ключевые слова 0_
a Ключевые слова выращивание колеуса
610 Ключевые слова 0_
a Ключевые слова вредители цветов
610 Ключевые слова 0_
a Ключевые слова сорта колеусов
686 Индексы других классификаций __
2 Код системы rubbk
a Классификационный индекс 42.374
700 Автор _1
a Фамилия Стародубова
b Имя (инициалы) Ю.
801 Источник записи _0
a Страна RU
b Организация МБУК ЦБС г. Ульяновска
c Дата составления 20240822
g Правила каталогизации RCR
801 Источник записи _1
a Страна RU
b Организация МБУК ЦБС г. Ульяновска
c Дата составления 20240822
g Правила каталогизации RCR
901 Тип документа __
t Тип документа b
w Контрольный № источника RU/CBS_UL/BASE/67a6bdcb4238487ea9b36ae3a75ac975
909 Создатель записи __
a Создатель записи lib2